000 00483nam a2200169Ia 4500
003 GCL
008 140319s9999 xx 000 0 eng d
040 _aGCL /
_cGCL
082 0 4 _a495.6
_bS W
100 1 _aSUZUKI, TAKAO
245 1 0 _aWORDS IN CONTEXT: A JAPANESE PERSPECTIVE ON HANGUAGE AND CULTURE /
_cSUZUKI, TAKAO
260 _a[S.N] :
_bKODANSHA INTERNATIONAL ،
_c1984
300 _a177 P
650 0 4 _aJAPAN - LANGUAGE
650 0 4 _aJAPAN - CIVILIZATION
942 _2ddc
_cBK
999 _c20530
_d20530